[Event "WCU Spring Open"]
[Site "Cardiff"]
[Date "2026.03.08"]
[Round "4.12"]
[White "Bartlett-Davis, Otto"]
[Black "Anandkumar, Govind"]
[Result "1/2-1/2"]
[WhiteElo "1618"]
[BlackElo "1722"]
[WhiteFideId "-1"]
[BlackFideId "-1"]
[PlyCount "72"]
[GameId "2288413157073079"]
[EventDate "2026.03.07"]
[EventType "swiss"]
[EventRounds "5"]
[EventCountry "WLS"]

1. d4 Nf6 2. c4 g6 3. Nc3 Bg7 4. e4 d6 5. Be2 O-O 6. Be3 e5 7. d5 a5 8. h3 Na6 9. Nf3 b6 10. O-O Nh5 11. a3 Nf4 12. Re1 Nxe2+ 13. Qxe2 f5 14. Rab1 f4 15. Bd2 g5 16. Nh2 Qf6 17. Ng4 Qg6 18. f3 h5 19. Nh2 Bf6 20. Rec1 Bd7 21. Be1 Kf7 22. Bf2 Rg8 23. Kf1 g4 24. hxg4 hxg4 25. Nxg4 Bxg4 26. fxg4 Qxg4 27. Qxg4 Rxg4 28. Rc2 Rag8 29. Be1 f3 30. gxf3 Rg1+ 31. Ke2 Nc5 32. Bf2 R1g2 33. b4 Bh4 34. Ke3 Bg5+ 35. Ke2 Bh4 36. Ke3 Bg5+ 1/2-1/2

[Event "WCU Spring Open"]
[Site "Cardiff"]
[Date "2026.03.08"]
[Round "4.13"]
[White "Murthy, Arush"]
[Black "Richards, Gareth"]
[Result "0-1"]
[WhiteElo "1665"]
[BlackElo "1625"]
[WhiteFideId "-1"]
[BlackFideId "-1"]
[PlyCount "72"]
[GameId "2288414217851084"]
[EventDate "2026.03.07"]
[EventType "swiss"]
[EventRounds "5"]
[EventCountry "WLS"]

1. d4 d5 2. c4 e6 3. e3 Nf6 4. Nf3 b6 5. Nc3 Bb4 6. cxd5 Bxc3+ 7. bxc3 exd5 8. Bd3 Bb7 9. O-O O-O 10. Ne5 Nbd7 11. f4 Nxe5 12. fxe5 Ne4 13. Qc2 Qh4 14. Ba3 Rfe8 15. Rf4 Qg5 16. c4 f5 17. cxd5 Bxd5 18. Qxc7 Nc5 19. Bf1 Ne6 20. Qc1 Nxf4 21. exf4 Qg6 22. Qd2 Rac8 23. g3 Qc6 24. Rc1 Qa4 25. Rc3 b5 26. Bc5 Qxa2 27. Qxa2 Bxa2 28. Bxb5 Re7 29. Ra3 Rb7 30. Ba6 Rb1+ 31. Kf2 Rb2+ 32. Ke3 Rcb8 33. h3 Rg2 34. g4 Rbb2 35. gxf5 Bd5 36. e6 Rg3# 0-1

[Event "WCU Spring Open"]
[Site "Cardiff"]
[Date "2026.03.08"]
[Round "4.14"]
[White "Moore, John"]
[Black "Zheng, Lucas"]
[Result "1-0"]
[WhiteElo "1596"]
[BlackElo "1661"]
[WhiteFideId "-1"]
[BlackFideId "-1"]
[PlyCount "107"]
[GameId "2294062423269452"]
[EventDate "2026.03.07"]
[EventType "swiss"]
[EventRounds "5"]
[EventCountry "WLS"]

1. Nf3 Nf6 2. g3 d5 3. Bg2 e6 4. c4 c5 5. O-O Be7 6. d4 Nc6 7. Nc3 O-O 8. cxd5 Nxd5 9. Nxd5 exd5 10. dxc5 Bxc5 11. Ng5 Be6 12. Qc2 Bxf2+ 13. Rxf2 g6 14. Nf3 d4 15. Bh6 Re8 16. Qc5 Qb6 17. Qxb6 axb6 18. a3 Bc4 19. Bf1 Ra5 20. Rd1 Rb5 21. Nxd4 Rxb2 22. Nxc6 bxc6 23. e3 Rxf2 24. Kxf2 Bxf1 25. Kxf1 Rc8 26. Rd6 f5 27. Ke2 b5 28. Kd3 c5 29. Rb6 Rd8+ 30. Kc2 b4 31. axb4 cxb4 32. Rxb4 Ra8 33. h4 Ra2+ 34. Rb2 Rxb2+ 35. Kxb2 Kf7 36. Kc3 Ke6 37. Kd4 Kd6 38. Bf4+ Ke6 39. Kc5 Ke7 40. Kd5 Kd7 41. Bg5 Ke8 42. Ke5 Kf7 43. Kf4 Ke6 44. g4 fxg4 45. Kxg4 Ke5 46. h5 Ke4 47. hxg6 hxg6 48. Bf4 Kd5 49. Kg5 Ke6 50. Kxg6 Ke7 51. Kg7 Ke6 52. Kf8 Kf6 53. e4 Ke6 54. e5 1-0

[Event "WCU Spring Open"]
[Site "Cardiff"]
[Date "2026.03.08"]
[Round "4.15"]
[White "Williams, John A"]
[Black "Burton, Henry"]
[Result "1/2-1/2"]
[WhiteElo "1656"]
[BlackElo "1577"]
[WhiteFideId "-1"]
[BlackFideId "-1"]
[PlyCount "118"]
[GameId "2294062423269453"]
[EventDate "2026.03.07"]
[EventType "swiss"]
[EventRounds "5"]
[EventCountry "WLS"]

1. d4 Nf6 2. c4 g6 3. Nc3 Bg7 4. e4 d6 5. Be2 O-O 6. Bg5 Nbd7 7. Qd2 c5 8. d5 Qa5 9. f3 Ne5 10. f4 Ned7 11. Nf3 Qc7 12. O-O a6 13. a4 Re8 14. Bd3 Nh5 15. Rae1 b6 16. g4 Nhf6 17. h3 h6 18. Bh4 Nh7 19. Bg3 Bb7 20. e5 dxe5 21. fxe5 g5 22. Kh2 e6 23. dxe6 Rxe6 24. Bf5 Re7 25. e6 Qc6 26. exd7 Rxe1 27. d8=Q+ Rxd8 28. Qxd8+ Re8 29. Qd5 Qxd5 30. cxd5 Bxc3 31. bxc3 Bxd5 32. Bc7 Re3 33. Kg2 Rxc3 34. Bxb6 c4 35. Kg3 Rb3 36. a5 Nf6 37. Bc2 Rb2 38. Rf2 Be4 39. Bd4 Rxc2 40. Rxc2 Bxc2 41. Bxf6 Kf8 42. Nd4 Be4 43. Nf5 Bxf5 44. gxf5 Ke8 45. Kf3 Kd7 46. Ke3 Kc6 47. Kd4 Kb5 48. Bg7 h5 49. Be5 g4 50. h4 Kxa5 51. Kxc4 Kb6 52. Kd5 Kb5 53. Kd6 Kc4 54. Ke7 Kd5 55. Bc7 Kc6 56. Bd6 a5 57. f6 a4 58. Kxf7 a3 59. Be5 Kd5 {Scoresheets incomplete, drawn after 65 moves} 1/2-1/2

[Event "WCU Spring Open"]
[Site "Cardiff"]
[Date "2026.03.08"]
[Round "4.16"]
[White "Wu, Nathaniel"]
[Black "Are, Jai Hrithvik Adithya	"]
[Result "1/2-1/2"]
[WhiteElo "1517"]
[BlackElo "1481"]
[WhiteFideId "-1"]
[BlackFideId "-1"]
[PlyCount "106"]
[GameId "2288774129459431"]
[EventDate "2026.03.07"]
[EventType "swiss"]
[EventRounds "5"]
[EventCountry "WLS"]

1. e4 e6 2. d4 d5 3. exd5 exd5 4. Nf3 Nf6 5. Bd3 Bd6 6. O-O O-O 7. h3 c6 8. Bg5 Be6 9. Re1 Nbd7 10. Ne5 Qc7 11. Nxd7 Nxd7 12. Qh5 g6 13. Qh6 Rfe8 14. Nd2 Bf8 15. Qh4 Bg7 16. Nf3 b5 17. Bf4 Qb6 18. Ng5 Nf8 19. c3 Rad8 20. Qg3 Rd7 21. Bd6 Qd8 22. Bxf8 Bxf8 23. Nxe6 Rxe6 24. Rxe6 fxe6 25. Re1 Qf6 26. h4 Bd6 27. Qg4 Rf7 28. Re2 Re7 29. h5 Kg7 30. hxg6 hxg6 31. Re3 e5 32. dxe5 Rxe5 33. Rxe5 Bxe5 34. Qd7+ Kh6 35. Qxa7 Qh4 36. Qe3+ Bf4 37. Qh3 Qxh3 38. gxh3 Bc1 39. b3 Bd2 40. c4 b4 41. Kg2 Bc3 42. Kg3 dxc4 43. bxc4 c5 44. Kg4 Bd4 45. f3 Bc3 46. h4 Bd2 47. f4 Be1 48. Be4 Bf2 49. Bf3 Be1 50. Kh3 Bd2 51. Kg3 Be1+ 52. Kg4 Bf2 53. Kh3 Be1 1/2-1/2

[Event "WCU Spring Open"]
[Site "Cardiff"]
[Date "2026.03.08"]
[Round "4.17"]
[White "McGinley, Elijah"]
[Black "Srivastava, Angel"]
[Result "0-1"]
[WhiteElo "1511"]
[BlackElo "1365"]
[WhiteFideId "-1"]
[BlackFideId "-1"]
[PlyCount "42"]
[GameId "2288775411138816"]
[EventDate "2026.03.07"]
[EventType "swiss"]
[EventRounds "5"]
[EventCountry "WLS"]

1. e4 c6 2. d4 d5 3. Nc3 dxe4 4. Nxe4 Bf5 5. f3 Nf6 6. Bd3 Qxd4 7. Nxf6+ Qxf6 8. Be3 e6 9. Bxf5 Qxf5 10. Ne2 Na6 11. O-O Rd8 12. Nd4 Qe5 13. f4 Qxe3+ 14. Kh1 Rxd4 15. Qg4 Qe4 16. Rf2 g6 17. c3 Rd3 18. Rd1 Bc5 19. Rxd3 Qxd3 20. Qg3 Qd1+ 21. Rf1 Qxf1# 0-1

[Event "WCU Spring Open"]
[Site "Cardiff"]
[Date "2026.03.08"]
[Round "5.1"]
[White "Bani Hani, Madged"]
[Black "Tapp, James"]
[Result "0-1"]
[WhiteElo "1852"]
[BlackElo "2016"]
[WhiteFideId "-1"]
[BlackFideId "-1"]
[PlyCount "114"]
[GameId "2294062423269456"]
[EventDate "2026.03.07"]
[EventType "swiss"]
[EventRounds "5"]
[EventCountry "WLS"]

1. b4 e5 2. Bb2 Bxb4 3. Bxe5 Nf6 4. c3 Be7 5. d4 d5 6. e3 O-O 7. Bxf6 Bxf6 8. Bd3 c5 9. Nf3 c4 10. Bc2 Nc6 11. O-O b5 12. e4 Be6 13. a3 Qa5 14. e5 Be7 15. Qc1 b4 16. cxb4 Nxb4 17. Qd2 Qa6 18. Nc3 Nxc2 19. Qxc2 Rab8 20. a4 Qc6 21. Rab1 Qd7 22. Rxb8 Rxb8 23. Rb1 Qc8 24. h3 Rb7 25. Rxb7 Qxb7 26. Nd2 Qb6 27. Ne2 Ba3 28. Nb1 Be7 29. Nd2 Bg5 30. Nf3 Bd8 31. Nd2 Qb4 32. Nf1 Ba5 33. Nf4 Qb3 34. Ne3 Bc3 35. Ne2 Bb2 36. g4 a5 37. Qb1 h6 38. Nc1 Bxc1 39. Qxc1 Qxa4 40. f4 Qc6 41. f5 Bc8 42. Nd1 Qb6 43. Qd2 Qb3 44. f6 Qg3+ 45. Qg2 Qd3 46. Qxd5 Qxd1+ 47. Kf2 Qc2+ 48. Kg3 Qb3+ 49. Kf2 Qb6 50. Qxc4 Be6 51. Qa4 Qd8 52. fxg7 Kxg7 53. Ke3 Qd5 54. Kf4 Bd7 55. Qd1 Bc6 56. Kg3 a4 57. Qf1 Qg2+ 0-1

[Event "WCU Spring Open"]
[Site "Cardiff"]
[Date "2026.03.08"]
[Round "5.2"]
[White "Bullen, Alex"]
[Black "Kett, Timothy J"]
[Result "1/2-1/2"]
[WhiteElo "2093"]
[BlackElo "2117"]
[BlackFideId "-1"]
[PlyCount "87"]
[GameId "2292403017171030"]
[EventDate "2026.03.07"]
[EventType "swiss"]
[EventRounds "5"]
[EventCountry "WLS"]

1. d4 Nf6 2. Nf3 g6 3. Nbd2 d5 4. b4 Bg7 5. e3 O-O 6. c4 a5 7. b5 b6 8. Be2 c5 9. bxc6 Nxc6 10. O-O Bb7 11. Ba3 Re8 12. Rb1 e5 13. c5 exd4 14. Rxb6 dxe3 15. Rxb7 exd2 16. Qxd2 Rb8 17. Rfb1 Rxb7 18. Rxb7 Ne4 19. Qf4 Qf6 20. Qxf6 Bxf6 21. Bb5 Rc8 22. Kf1 Nd8 23. Rd7 Nxc5 24. Rxd5 Nde6 25. Ne5 Ne4 26. Bd7 Rc2 27. Bxe6 fxe6 28. Rxa5 Nd2+ 29. Ke1 Bxe5 30. Rxe5 Nc4 31. Rxe6 Nxa3 32. Re2 Rc3 33. Rb2 Nc4 34. Rb8+ Kg7 35. Rc8 Kf6 36. a4 Ke6 37. Rc7 Kd5 38. Rxh7 Ra3 39. Rg7 Ne5 40. f4 Nd3+ 41. Kd2 Nxf4 42. g3 Rxa4 43. gxf4 Rxf4 44. Rxg6 1/2-1/2

[Event "WCU Spring Open"]
[Site "Cardiff"]
[Date "2026.03.08"]
[Round "5.3"]
[White "Van Noorden, Nicolas"]
[Black "Mckenna, Joshua"]
[Result "0-1"]
[WhiteElo "1950"]
[BlackElo "1739"]
[WhiteFideId "-1"]
[PlyCount "100"]
[GameId "2292404250226786"]
[EventDate "2026.03.07"]
[EventType "swiss"]
[EventRounds "5"]
[EventCountry "WLS"]

{[%evp 0,100,20,29,28,13,-32,-1,-3,-29,-19,-11,10,-38,-24,-42,-24,-46,-39,-43,-1,13,54,-24,-14,-36,-13,-20,-68,-70,-82,-82,-102,-76,-22,-26,-19,-42,-43,-79,0,18,-4,-22,-5,-35,-5,-42,22,-78,-48,-68,-52,-110,-68,-62,-123,-33,-58,-243,-131,-196,-232,-245,-137,69,-119,-44,-57,1,-46,-62,-1,1,-150,-40,-1,-59,-61,-94,-220,-140,-156,-142,-77,-85,-17,-136,-5,-242,-329,-285,-377,-289,-293,-321,-292,-363,-387,-439,-453,-494,-531]} 1. e4 c6 2. d3 d5 3. Be2 e5 4. Nd2 Bd6 5. Ngf3 Nf6 6. c3 O-O 7. Qc2 h6 8. h3 Be6 9. g4 dxe4 10. dxe4 Nh7 11. Nf1 Nd7 12. Be3 Qe7 13. Ng3 Bc5 14. Nf5 Bxf5 15. gxf5 Bxe3 16. fxe3 Ng5 17. Nd2 Qc5 18. h4 Nh7 19. O-O-O Ndf6 20. Rh3 Rad8 21. Rg3 Kh8 22. b4 Qb6 23. Nb3 Rxd1+ 24. Bxd1 Rg8 25. Nc5 Qc7 26. Be2 a5 27. a3 axb4 28. cxb4 Ra8 29. Qb2 b6 30. Nd3 Nxe4 31. Rg1 Qa7 32. Nxe5 Nhf6 33. Bd3 Qxa3 34. Qxa3 Rxa3 35. Kb2 Ra7 36. Nxc6 Rd7 37. Bxe4 Nxe4 38. Nd4 Nf6 39. Ra1 Nd5 40. Ra8+ Kh7 41. Nc2 Re7 42. Rb8 g6 43. f6 Re6 44. e4 Nxf6 45. e5 Nd5 46. Rb7 Kg7 47. Nd4 Rxe5 48. Kb3 Re4 49. Kc4 Nxb4 50. Rxb6 Nc2 0-1

[Event "WCU Spring Open"]
[Site "Cardiff"]
[Date "2026.03.08"]
[Round "5.4"]
[White "Fathallah, Joe"]
[Black "Hewitt, William"]
[Result "1/2-1/2"]
[WhiteElo "1932"]
[BlackElo "1940"]
[PlyCount "34"]
[GameId "2285492329129544"]
[EventDate "2026.03.07"]
[EventType "swiss"]
[EventRounds "5"]
[EventCountry "WLS"]

{[%evp 0,19,17,35,11,0,36,22,24,24,19,-13,20,43,24,25,-2,26,78,10,4,-18]} 1. d4 Nf6 2. c4 g6 3. Nc3 d5 4. Nf3 Bg7 5. Bg5 dxc4 6. e4 c5 7. d5 b5 8. e5 b4 9. exf6 exf6 10. Bd2 bxc3 11. Bxc3 O-O 12. Be2 Nd7 13. O-O Nb6 14. Rc1 Nxd5 15. Bxc4 Nxc3 16. Qxd8 Rxd8 17. Rxc3 Rb8 1/2-1/2

[Event "WCU Spring Open"]
[Site "Cardiff"]
[Date "2026.03.08"]
[Round "5.5"]
[White "Chen, Wutong"]
[Black "Tyrrell, Lachlan Baly Hughes	"]
[Result "0-1"]
[WhiteElo "1815"]
[BlackElo "1508"]
[WhiteFideId "-1"]
[BlackFideId "-1"]
[PlyCount "50"]
[GameId "2292406819633498"]
[EventDate "2026.03.07"]
[EventType "swiss"]
[EventRounds "5"]
[EventCountry "WLS"]

{[%evp 0,50,12,29,17,18,31,32,44,29,42,24,163,30,34,76,46,36,35,29,112,58,51,55,59,28,21,12,-1,-17,15,-11,-52,-129,-54,-149,48,54,1,-99,-117,-132,-34,-20,-8,-270,-315,-357,-326,-474,-480,-911,-934]} 1. d4 Nf6 2. Nf3 g6 3. c4 Bg7 4. Nc3 d6 5. h3 O-O 6. e4 Nbd7 7. Be2 e5 8. d5 a5 9. Be3 b6 10. g4 Nc5 11. Qc2 Ne8 12. g5 f5 13. gxf6 Nxf6 14. O-O-O Nh5 15. Kb1 Nf4 16. Bxf4 Rxf4 17. Rdg1 Nxe4 18. Nxe4 Rxe4 19. Bd3 Rf4 20. Ng5 e4 21. Bxe4 Qf8 22. Nxh7 Kxh7 23. Rxg6 Rxe4 24. Rg4 Qf3 25. Re1 Bxg4 0-1

[Event "WCU Spring Open"]
[Site "Cardiff"]
[Date "2026.03.08"]
[Round "5.6"]
[White "Binks, Michael E"]
[Black "Shevchenko, Danylo"]
[Result "1/2-1/2"]
[WhiteElo "1853"]
[BlackElo "1687"]
[WhiteFideId "-1"]
[BlackFideId "-1"]
[PlyCount "88"]
[GameId "2292408461441384"]
[EventDate "2026.03.07"]
[EventType "swiss"]
[EventRounds "5"]
[EventCountry "WLS"]

{[%evp 0,88,24,35,18,9,29,25,31,98,-7,-10,-8,12,0,-17,18,-11,-14,-22,22,0,5,-19,-33,-27,-3,-16,-10,-3,34,56,-33,25,-52,-35,-6,-148,-23,-62,-50,-60,-92,-37,-16,-34,7,-15,17,14,49,9,56,36,3,45,58,48,31,33,27,22,-64,1,15,-191,-200,-214,-21,-172,-94,-206,-150,-189,-137,-198,-224,-214,-409,-252,-347,-277,-155,-403,-407,-450,-331,-429,-449,-655,-474]} 1. e4 e5 2. Nf3 Nc6 3. Bb5 a6 4. Bxc6 dxc6 5. d3 f6 6. Be3 Bd6 7. h3 Be6 8. O-O Ne7 9. c4 c5 10. b4 b6 11. a3 O-O 12. bxc5 Bxc5 13. Bxc5 bxc5 14. Nc3 c6 15. Qd2 Qa5 16. Rfb1 Rab8 17. Rb2 Rxb2 18. Qxb2 Rd8 19. Rd1 Ng6 20. Ne1 Nf4 21. Kf1 Qc7 22. Qc2 Qd7 23. Ne2 Nxe2 24. Kxe2 Rb8 25. Rb1 Qc7 26. Rb3 Rxb3 27. Qxb3 h6 28. Nc2 Kh7 29. Na1 f5 30. f3 fxe4 31. fxe4 Qe7 32. Qb6 Qg5 33. g4 Qf4 34. Qxc5 Qh2+ 35. Kd1 Qh1+ 36. Kd2 Qxa1 37. Qxc6 Qb2+ 38. Ke3 Qd4+ 39. Ke2 Qb2+ 40. Kf3 Bg8 41. Qxa6 Qd2 42. Qd6 Qd1+ 43. Kf2 Qd2+ 44. Kf1 Qd1+ 1/2-1/2

[Event "WCU Spring Open"]
[Site "Cardiff"]
[Date "2026.03.08"]
[Round "5.7"]
[White "Anandkumar, Govind"]
[Black "Jukes, Sam"]
[Result "0-1"]
[WhiteElo "1722"]
[BlackElo "1905"]
[WhiteFideId "-1"]
[PlyCount "112"]
[GameId "2292695559282982"]
[EventDate "2026.03.07"]
[EventType "swiss"]
[EventRounds "5"]
[EventCountry "WLS"]

1. e4 e5 2. Nf3 Nc6 3. Bb5 a6 4. Ba4 Nf6 5. O-O d6 6. c3 Bd7 7. Re1 g6 8. d4 Bg7 9. d5 Ne7 10. c4 b5 11. cxb5 axb5 12. Bc2 h6 13. h3 O-O 14. Nc3 g5 15. Ne2 Nh5 16. Be3 Ng6 17. Ng3 Nxg3 18. fxg3 Ne7 19. Rf1 f5 20. Bxg5 hxg5 21. Nxg5 Bh6 22. Qh5 Kg7 23. exf5 Nxf5 24. Ne6+ Bxe6 25. dxe6 Qg5 26. Qxg5+ Bxg5 27. Rxf5 Rxf5 28. Bxf5 Be3+ 29. Kh2 Bd4 30. Rf1 Re8 31. Rb1 Kf6 32. Bg4 e4 33. a3 Ke5 34. b3 Bc5 35. a4 b4 36. Rd1 d5 37. a5 {(=)} d4 38. a6 d3 39. Rc1 Bb6 40. Ra1 e3 41. Bf3 {(=)} Rxe6 42. a7 Bxa7 43. Rxa7 e2 44. Ra1 Kd4 45. Re1 Re3 46. Bxe2 Rxe2 47. Rd1 d2 48. h4 Kc3 49. h5 Kxb3 50. g4 Kc2 51. Rxd2+ Kxd2 52. h6 b3 53. g5 b2 54. g6 b1=Q 55. h7 Qxg6 56. h8=N Qxg2# 0-1

[Event "WCU Spring Open"]
[Site "Cardiff"]
[Date "2026.03.08"]
[Round "5.8"]
[White "Bartlett-Davis, Otto"]
[Black "Davis, Lee"]
[Result "1/2-1/2"]
[WhiteElo "1618"]
[BlackElo "1862"]
[WhiteFideId "-1"]
[PlyCount "67"]
[GameId "2292698255049045"]
[EventDate "2026.03.07"]
[EventType "swiss"]
[EventRounds "5"]
[EventCountry "WLS"]

{[%evp 0,14,21,34,21,15,-47,18,28,20,16,11,13,-15,14,18,25]} 1. d4 Nf6 2. c4 e6 3. Nf3 b6 4. Nc3 Bb4 5. Bd2 O-O 6. g3 Bb7 7. Bg2 d6 8. O-O Nbd7 9. Re1 Bxc3 10. Bxc3 Ne4 11. Qc2 f5 12. Nd2 Ndf6 13. Nxe4 Nxe4 14. f3 Nf6 15. Rad1 Qe7 16. e4 fxe4 17. fxe4 e5 18. d5 Bc8 19. Rd2 a5 20. Rf2 Bd7 21. a4 Ng4 22. Rxf8+ Rxf8 23. Re2 Qe8 24. b3 Qh5 25. h3 Nf6 26. g4 Qg6 27. Rf2 h5 28. gxh5 Nxh5 29. Rxf8+ Kxf8 30. Qf2+ Kg8 31. Qf3 Nf4 32. Kh2 Nxg2 33. Qxg2 Qh5 34. Bd2 1/2-1/2

[Event "WCU Spring Open"]
[Site "Cardiff"]
[Date "2026.03.08"]
[Round "5.9"]
[White "Richards, Gareth"]
[Black "Tomkins Coll, Owen"]
[Result "0-1"]
[WhiteElo "1625"]
[BlackElo "1812"]
[WhiteFideId "-1"]
[BlackFideId "-1"]
[PlyCount "78"]
[GameId "2292699003826869"]
[EventDate "2026.03.07"]
[EventType "swiss"]
[EventRounds "5"]
[EventCountry "WLS"]

1. e4 e5 2. Bc4 Nc6 3. Nf3 Nf6 4. O-O Be7 5. Re1 O-O 6. c3 Nxe4 7. Nxe5 Nxe5 8. Rxe4 Nxc4 9. Rxc4 d5 10. Rf4 Bg5 11. Ra4 Re8 12. d3 Qe7 13. Bd2 c5 14. c4 Qe2 15. Qxe2 Rxe2 16. f4 Bf6 17. Bc3 d4 18. Ba5 Rxb2 19. Nd2 b6 20. Bxb6 Rxb6 21. Re1 Kf8 22. Nb3 Be7 23. Ra5 Bf5 24. Nxc5 Bxc5 25. Rxc5 Bxd3 26. Rd1 Rb1 27. Rxb1 Bxb1 28. Rd5 Bxa2 29. Rxd4 Rc8 30. Rd7 a6 31. Ra7 Bxc4 32. Kf2 g6 33. g4 Kg7 34. h4 Re8 35. h5 gxh5 36. g5 h4 37. Kg2 Ra8 38. Rc7 Be6 39. Rc1 Bd5+ 0-1

[Event "WCU Spring Open"]
[Site "Cardiff"]
[Date "2026.03.08"]
[Round "5.10"]
[White "Turner, Joseph David"]
[Black "Moore, John"]
[Result "1-0"]
[WhiteElo "1806"]
[BlackElo "1596"]
[BlackFideId "-1"]
[PlyCount "41"]
[GameId "2292701755871946"]
[EventDate "2026.03.07"]
[EventType "swiss"]
[EventRounds "5"]
[EventCountry "WLS"]

1. e4 c5 2. d4 cxd4 3. c3 dxc3 4. Nxc3 Nc6 5. Nf3 d6 6. Bc4 Nf6 7. e5 Ng4 8. exd6 exd6 9. Bf4 Be7 10. O-O O-O 11. Re1 Nf6 12. Nd5 Nxd5 13. Bxd5 Nb4 14. Bb3 Bf5 15. Rxe7 Nd3 16. Bg5 h6 17. Rxf7 hxg5 18. Rd7+ Kh8 19. Rxd8 Raxd8 20. Nxg5 Nxf2 21. Qh5+ 1-0

[Event "WCU Spring Open"]
[Site "Cardiff"]
[Date "2026.03.08"]
[Round "5.11"]
[White "Bowkett, George"]
[Black "Di-Vetta, Andrew"]
[Result "0-1"]
[Annotator "Home"]
[WhiteElo "1595"]
[BlackElo "1798"]
[WhiteFideId "-1"]
[BlackFideId "-1"]
[PlyCount "120"]
[GameId "2292702327669463"]
[EventDate "2026.03.07"]
[EventType "swiss"]
[EventRounds "5"]
[EventCountry "WLS"]

{[%evp 0,109,18,25,19,17,19,19,22,24,22,10,0,7,5,11,-3,7,-8,-70,-65,-46,-30,-42,-31,-43,129,-63,-43,-73,-60,-43,-76,-36,-34,-121,34,-47,-9,25,-2,-136,-15,-94,16,6,43,38,-94,56,60,-48,118,-43,164,-274,-46,-85,-78,-70,-59,-155,-331,-166,-191,-384,-131,-225,-316,-218,-217,-218,-256,-253,-200,-283,-183,-278,-193,-285,-271,-337,-310,-343,-336,-342,-325,-224,-337,-127,-338,-356,-333,-282,-260,-285,-227,-278,-283,-191,-251,-251,-275,-450,-474,-592,-443,-580,-548,-408,-493,-808]} 1. d4 d5 2. c4 e6 3. Nc3 Nf6 4. Bg5 Bb4 5. a3 Bxc3+ 6. bxc3 c6 7. cxd5 exd5 8. e3 Qa5 9. Bd3 Qxc3+ 10. Kf1 Nbd7 11. Ne2 Qa5 12. h3 O-O 13. Qc2 Re8 14. Kg1 h6 15. Bh4 Ne4 16. f3 Nef6 17. e4 dxe4 18. fxe4 Qh5 19. Bf2 Qa5 20. Ng3 Nf8 21. Kh2 Be6 22. Rhf1 Rac8 23. e5 Nd5 24. Ne4 Re7 25. Bh4 g5 26. Be1 Qb6 27. Nc5 Ne3 28. Qf2 Nxf1+ 29. Qxf1 Qb2 30. Bb4 Qxd4 31. Ne4 Qxe5+ 32. Kh1 f5 33. Bxe7 fxe4 34. Bf6 Qf5 35. Bc2 Qxf1+ 36. Rxf1 Bd5 37. Rb1 Nd7 38. Bc3 b6 39. Kg1 Nc5 40. Bd1 Nd3 41. Bd4 c5 42. Be3 Bc4 43. Bg4 Rd8 44. Bf5 Bd5 45. h4 Rf8 46. g4 Nf4 47. hxg5 hxg5 48. Kh2 Kf7 49. Kg3 Ne2+ 50. Kf2 Nd4 51. Bxd4 cxd4 52. Rc1 Kf6 53. Rc7 Rf7 54. Rc8 Ke5 55. Kg3 Rxf5 56. Re8+ Be6 57. gxf5 Kxf5 58. Re7 d3 59. Kf2 d2 60. Ke2 e3 0-1

[Event "WCU Spring Open"]
[Site "Cardiff"]
[Date "2026.03.08"]
[Round "5.12"]
[White "Kong, Emma Zihan"]
[Black "Burton, Henry"]
[Result "1-0"]
[WhiteElo "1873"]
[BlackElo "1577"]
[BlackFideId "-1"]
[PlyCount "63"]
[GameId "2292704598717204"]
[EventDate "2026.03.07"]
[EventType "swiss"]
[EventRounds "5"]
[EventCountry "WLS"]

1. d4 Nf6 2. c4 g6 3. Nc3 Bg7 4. e4 d6 5. Be2 O-O 6. Be3 Nbd7 7. g4 Nb6 8. h4 Qd7 9. b4 Nxg4 10. c5 Nxe3 11. fxe3 dxc5 12. bxc5 Bh6 13. cxb6 Bxe3 14. Nd5 Bxg1 15. Rxg1 axb6 16. Qd2 Qd8 17. h5 Be6 18. Nf4 Bd7 19. hxg6 fxg6 20. Bc4+ e6 21. O-O-O Qe7 22. Bb3 Qa3+ 23. Kb1 Qe7 24. d5 Ba4 25. d6 Qf6 26. Bxe6+ Kh8 27. Nxg6+ Kg7 28. Nxf8+ Qg6 29. Nxg6 hxg6 30. Qd4+ Kh6 31. Rh1+ Kg5 32. Qe5# 1-0

[Event "WCU Spring Open"]
[Site "Cardiff"]
[Date "2026.03.08"]
[Round "5.13"]
[White "Prabhu, Vismith"]
[Black "Lewis, David"]
[Result "1/2-1/2"]
[WhiteElo "1748"]
[BlackElo "1762"]
[BlackFideId "-1"]
[PlyCount "94"]
[GameId "2292705700967204"]
[EventDate "2026.03.07"]
[EventType "swiss"]
[EventRounds "5"]
[EventCountry "WLS"]

1. d4 d5 2. c4 e6 3. Nc3 Nf6 4. cxd5 exd5 5. Bg5 Be7 6. e3 c6 7. Bd3 Nbd7 8. Qc2 h6 9. Bh4 O-O 10. Nge2 b5 11. O-O a5 12. Rac1 Bb7 13. Nb1 Nb6 14. b3 Rc8 15. Nd2 Re8 16. Bf5 Ra8 17. Nf3 Ba3 18. Rcd1 Bd6 19. Bg3 Ne4 20. Bxd6 Qxd6 21. Ne5 Bc8 22. Ng3 Bxf5 23. Nxf5 Qe6 24. Nh4 c5 25. dxc5 Qxe5 26. cxb6 Rac8 27. Qd3 Qf6 28. Nf3 Qxb6 29. Rc1 Nf6 30. Nd4 b4 31. Rfd1 Ne4 32. Rxc8 Rxc8 33. Qb5 Qf6 34. Qf1 Nc3 35. Rc1 Ra8 36. h3 Qa6 37. Qxa6 Rxa6 38. Kf1 a4 39. Nf5 axb3 40. axb3 Ra2 41. Nd4 Rb2 42. f3 Kh7 43. Rc2 Rb1+ 44. Kf2 Nd1+ 45. Ke2 Nc3+ 46. Kf2 Kg6 47. g4 Kf6 1/2-1/2

[Event "WCU Spring Open"]
[Site "Cardiff"]
[Date "2026.03.08"]
[Round "5.14"]
[White "McGrath, Ethan"]
[Black "Are, Jai Hrithvik Adithya	"]
[Result "1-0"]
[WhiteElo "1747"]
[BlackElo "1481"]
[WhiteFideId "-1"]
[BlackFideId "-1"]
[PlyCount "45"]
[GameId "2292707155030836"]
[EventDate "2026.03.07"]
[EventType "swiss"]
[EventRounds "5"]
[EventCountry "WLS"]

1. Nf3 d5 2. g3 Nf6 3. Bg2 e6 4. O-O Be7 5. d3 O-O 6. Nc3 c5 7. e4 b6 8. Bf4 Bb7 9. Qe2 Na6 10. Rfe1 h6 11. h4 Re8 12. Nh2 Nc7 13. Ng4 Nxg4 14. Qxg4 Kh8 15. Rad1 d4 16. Nb1 Bf8 17. Bc1 e5 18. f4 Bd6 19. f5 Rf8 20. Qh3 Bc8 21. g4 f6 22. g5 h5 23. g6 1-0

[Event "WCU Spring Open"]
[Site "Cardiff"]
[Date "2026.03.08"]
[Round "5.15"]
[White "Katchi, Daniel"]
[Black "Williams, John A"]
[Result "0-1"]
[WhiteElo "1310"]
[BlackElo "1656"]
[WhiteFideId "-1"]
[BlackFideId "-1"]
[PlyCount "114"]
[GameId "2292708483822460"]
[EventDate "2026.03.07"]
[EventType "swiss"]
[EventRounds "5"]
[EventCountry "WLS"]

1. d4 d6 2. Bf4 Nf6 3. Nc3 Nbd7 4. Nf3 Nh5 5. e3 Nxf4 6. exf4 c5 7. Bc4 g6 8. dxc5 Nxc5 9. Qd4 Rg8 10. Ng5 Ne6 11. Nxe6 Bxe6 12. O-O Bg7 13. Bb5+ Bd7 14. Bxd7+ Qxd7 15. Qa4 Qxa4 16. Nxa4 b5 17. Nc3 Bxc3 18. bxc3 Rc8 19. Rab1 a6 20. Rb3 Kd7 21. f3 Rc4 22. g3 Rgc8 23. Kf2 Rxc3 24. Rxc3 Rxc3 25. Rc1 d5 26. Ke2 Kd6 27. g4 Kc5 28. h4 a5 29. g5 a4 30. f5 b4 31. fxg6 fxg6 32. f4 b3 33. Kd2 Rxc2+ 34. Rxc2+ bxc2 35. Kxc2 e6 36. Kc3 d4+ 37. Kd3 Kd5 38. a3 e5 39. f5 e4+ 40. Ke2 gxf5 41. h5 Ke6 42. g6 hxg6 43. h6 Kf7 44. Kd2 Kg8 45. Kc2 g5 46. Kb2 g4 47. Ka2 g3 48. Kb2 g2 49. Kb1 g1=Q+ 50. Kb2 Qf2+ 51. Kc1 d3 52. h7+ Kxh7 53. Kb1 Qc2+ 54. Ka1 Qc1+ 55. Ka2 Qc2+ 56. Ka1 Qh2 57. Kb1 d2 0-1